Zeitschrift für medizinische Ethik.

محفوظ في:

التنسيق: دورية

اللغة: Undetermined

الموضوعات:

الوصول للمادة أونلاين: Login to view Source

الوسوم: إضافة وسم

لا توجد وسوم, كن أول من يضع وسما على هذه التسجيلة!

رقم الطلب:

LEADER 00580nms a2200181Ia 4500
005 20240402061538.0
008 240131s9999||||xx |||||||||||||||||und||
999 |c 56588  |d 56588 
022 |a 0403-3884 
022 |a 0944-7652 
245 0 0 |a Zeitschrift für medizinische Ethik. 
336 |2 rdacontent  |a text  |b txt 
337 |2 rdamedia  |a unmediated  |b n 
338 |2 rdacarrier  |a volume  |b n 
500 |a 2023 new acquired journal transferred from Schwabenverlag. 
650 4 |a Ethics and Moral Philosophy. 
856 |z ZFME  |u https://brill.com/view/journals/zfme/zfme-overview.xml 
942 |2 lcc  |c EJL